000 01939nam0a2200313 4500
001 RU\NLR\BIBL_A\022641837
005 20260120162651.0
021 _aRU
_bКН-П-25-045035
_9КН-П-25-4377
035 _a(NLR Aleph) 022641837
090 _a13532908
_c13532908
100 _a20251010d2025 u y0rusy50 ca
101 0 _arus
102 _aRU
105 _aa j 000yy
181 0 _ai3
_baxxe
182 0 _an
200 1 _aПроектирование архитектуры приложений
_eучебно-методическое пособие
_eдля студентов, обучающихся по направлению подготовки 09.03.03 - "Прикладная информатика"
_fГ. Ю. Беспятый, В. А. Галанина
_gМинистерство науки и высшего образования Российской Федерации, Федеральное государственное автономное образовательное учреждение высшего образования Санкт-Петербургский государственный университет аэрокосмического приборостроения
203 _aТекст
_bвизуальный
_cнепосредственный
210 _aСанкт-Петербург
_cГУАП
_d2025
215 _a54 с.
_cил.
_d21
320 _aБиблиогр.: с. 53 (5 назв.)
606 1 _aПрограммы (компьют.)
_jУчебно-методические пособия для высших учебных заведений
_xШаблоны
_92102418
_3RU\NLR\AUTH\661575001
686 1 _aЗ973.2-018я73-1
700 1 _aБеспятый
_bГ. Ю.
_gГригорий Юрьевич
701 1 _aГаланина
_bВ. А.
_gВалентина Александровна
942 _cBOOK
980 _aNB